Clips du top 50 de l'année 2006 - Statistiques

Statistiques générales
  • Ce quiz a été pris 233 fois
  • Le résultat moyen est 6 sur 8
Statistiques - réponses
Par images Réponse % Correct
Diam's et Vitaa - Confessions nocturnes
95%
Fatal Bazooka - Fous ta cagoule
95%
Kamini - Marly-Gomont
88%
Shy'm - Femme de couleur
82%
Bénabar - Le dîner
63%
Philippe Katerine - Louxor j'adore
54%
Superbus - Butterfly
50%
Anaïs - Mon cœur, mon amour
25%
Aucun quiz correspondant
Distribution des résultats
% des personnes avec chaque résultat
Percentile par nombre de réponses
Votre historique - résultats
Vous n’avez pas pris ce quiz